Statistics for 2017 Year in Movies - Any A-Z

Click here to take the quiz!

General Stats

  • This quiz has been taken 84 times
  • The average score is 7 of 26

Answer Stats

2017 Movie % Correct
SStar Wars: The Last Jedi
65%
GGuardians of the Galaxy Vol. 2
59%
BBeauty and the Beast
55%
TThor: Ragnarok
55%
CCoco
52%
LLogan
48%
DDespicable Me 3
45%
JJumanji: Welcome to the Jungle
44%
WWonder Woman
41%
PPirates of the Caribbean: Dead Men Tell No Tales
39%
IIt
35%
FThe Fate of the Furious
32%
MMurder on the Orient Express (2017)
32%
AAnnabelle: Creation
27%
KKong: Skull Island
27%
YYour Name.
18%
EThe Emoji Movie
15%
HThe Hitman's Bodyguard
14%
RRings
8%
VValerian and the City of a Thousand Planets
7%
OOnly the Brave
6%
XxXx: The Return of Xander Cage
4%
ZThe Zookeeper's Wife
3%
UUnderworld: Blood Wars
3%
QA Question Of Faith
1%
NThe Nut Job 2: Nutty by Nature
1%

Score Distribution

Percentile by Number Answered

Percent of People with Each Score

Your Score History

You have not taken this quiz